000 00467nam a22001817a 4500
003 CEME
005 20210628203222.0
008 210203b xxu||||| |||| 00| 0 eng d
020 _a0-8031-1862-7
040 _c.
082 _a620.166 ADV
100 _aEllis, Rod, Mcdowell, David L
_964069
245 _aAdvances in multiaxial fatigue
260 _aUSA
_bASTM
_c1993
300 _a455P
650 _aMETALS FATIGUE- CONGRESSES,FATIGUE
_964070
942 _cBK
_2ddc
999 _c572703
_d572703